banner-ar

النبى الخاتم صلى الله عليه وسلم : (Record no. 63387)

MARC details
000 -الفاتح
حقل البيانات ثابتة الطول 00759nam a2200217 4500
005 - وقت وتاريخ اخر تعامل مع التسجيلة
رقم الضبط 20240530110638.0
008 - عناصر البيانات ثابتة الطول - معلومات عامة
حقل البيانات ثابتة الطول 171003s ua g 000 0 ara d
017 ## - رقم الايداع القانونى
المصدر ( الهيئة المختصة) مصر. دار الكتب
040 ## - مصدر الفهرسة
وكالة الفهرسة الأصلية EG-CaGPL
وكالة النسخ EG-CaGPL
082 04 - رقم تصنيف ديوى العشرى
رقم الطبعة 21
رقم التصنيف 239\
رقم المادة هـ ن
100 0# - المدخل الرئيسى - إسم شخصى
الإسم الشخصى هشام عزت .
245 12 - بيان العنوان
العنوان النبى الخاتم صلى الله عليه وسلم :
بقية العنوان نبى الامم /
بيان المسئوليه,etc اعداد هشام عزت ؛ راجعه و قدم له و علق عليه وديع احمد فتحى .
250 ## - بيان الطبعة
بيان الطبعة ط.1
300 ## - الوصف المادى
التعداد 126 ص ؛
أبعاد الوعاء 24 سم .
650 07 - المدخل الاضافى بالموضوع-مصطلح موضوعى
مصدر الرأس أو المصطلح qrmak
مصطلح موضوعي السيرة النبوية .
650 07 - المدخل الاضافى بالموضوع-مصطلح موضوعى
مصدر الرأس أو المصطلح qrmak
مصطلح موضوعي اخلاق الرسول .
651 ## - المدخل الاضافى بالموضوع - اسم جغرافى
مصدر الرأس أو المصطلح qrmak
942 ## - عناصر المدخل الإضافي( كوها)
مصدر التصنيف او مخطط الترفيف Dewey Decimal Classification
Koha [default] item type كتاب
260 ## - PUBLICATION, DISTRIBUTION, ETC. (IMPRINT)
-- القاهرة :
Holdings
حالة التراجع حالة الفقد حالة تلف ليس للاعارة المكان المؤقت الموقع الحالى موقع الترفيف تاريخ الاكتساب اجمالي اﻻعارات رقم الطلب الباركود تاريخ اخر مشاهدة تاريخ تفعيل السعر نوع وعاء كوها
        مكتبة القاهرة الكبرى مكتبة القاهرة الكبرى القاعة الرئيسية 10/03/2017   239\ هـ ن 163397 10/03/2017 10/03/2017 كتاب

Powered By

EGPV